| 000 | 02094cam a22004093a 4500 | ||
|---|---|---|---|
| 001 | 15952725 | ||
| 003 | NUST - PNEC | ||
| 005 | 20170116181119.0 | ||
| 008 | 960916s1957 xx 000 0 eng | ||
| 010 | _a 2009658221 | ||
| 035 | _acoe96001731 | ||
| 040 |
_aDLC _cLIBRARY |
||
| 082 | _a822.33 SHA | ||
| 245 | 0 | 4 |
_aThe merchant of Venice _bShakespeare |
| 260 | _cc.1962 | ||
| 300 | _a1 v. (theater program). | ||
| 500 | _aUniversity Theatre, December 6-21, 1957. | ||
| 500 | _aTitle devised by Library staff. | ||
| 500 | _aCast: Robert Strane, Richard Krisher, Clement Feeney Jr., Robert Milli, Justin K. McDonough, James D. Rogers, Mary Jo Randall, Barbara Convey, Robert Jackson, Philip Bosco, Richard Mennen, Jay Ehrlicher, David Sabin, Robert Cessna, Peter Kline, Jane Reilly, Benjamin Wills, Don Sullivan, K.F. Lowry Jr., Robert Taeschner, James Foote. | ||
| 500 |
_aLC copy has notations by Coe. _5DLC |
||
| 520 | _aThe Catholic University of America Speech and Drama Department, Rev. Gilbert V. Hartke, O.P., head, presents "The Merchant of Venice," by William Shakespeare, directed by William H. Graham, setting and lighting by James D. Waring, costumes designed by Joseph Lewis, costumes executed by Ann Tacik. | ||
| 580 | _aIn: Richard L. Coe Theater Programs Collection (Library of Congress). | ||
| 655 | 7 |
_aTheater programs _zWashington (D.C.) _2rbgenr |
|
| 655 | 7 |
_aTheater programs _y1957. _2rbgenr |
|
| 700 | 1 |
_aGraham, William H. _c(Director) |
|
| 700 | 1 | _aWaring, James D. | |
| 700 | 1 |
_aLewis, Joseph H., _d1907-2000. |
|
| 700 | 1 | _aTacik, Ann. | |
| 700 | 1 |
_aCoe, Richard L. _q(Richard Livingstone), _d1914-1995, _eannotator. _5DLC |
|
| 700 | 1 |
_aShakespeare, William, _d1564-1616. _tMerchant of Venice. |
|
| 710 | 2 |
_aCatholic University of America. _bSpeech and Drama Department. |
|
| 710 | 2 |
_aRichard L. Coe Theater Programs Collection (Library of Congress) _5DLC |
|
| 752 |
_aUnited States _bDistrict of Columbia _dWashington. |
||
| 906 |
_a7 _bcbc _corigres _d2 _encip _f20 _gy-genrareb |
||
| 942 |
_2ddc _cBK |
||
| 999 |
_c69480 _d69480 |
||